Código de comercio: aprobada por Decreto N§ 996 del 31 de agosto de 1993 del Ministerio de Justicia
Salvato in:
| Natura: | Libro |
|---|---|
| Lingua: | spagnolo |
| Pubblicazione: |
Santiago
Jurídica de Chile
1995
|
| Edizione: | 12a. ed |
| Soggetti: | |
| Tags: |
Aggiungi Tag
Nessun Tag, puoi essere il primo ad aggiungerne!!
|
MARC
| LEADER | 00000nam a2200000 a 4500 | ||
|---|---|---|---|
| 001 | UCY9293 | ||
| 003 | CL-VaPUC | ||
| 008 | 950713e19950000CL |||||||||||||||||spa|d | ||
| 082 | 0 | 4 | |a 346.8307 |b COD |2 21 |
| 245 | 1 | 0 | |a Código de comercio: aprobada por Decreto N§ 996 del 31 de agosto de 1993 del Ministerio de Justicia |
| 250 | |a 12a. ed | ||
| 300 | |a 986 p | ||
| 942 | |c BK | ||
| 945 | |d 19950713 00:00:00 |a aalvarez | ||
| 260 | |a Santiago |b Jurídica de Chile |c 1995 | ||
| 500 | |a Apéndice actualizado a Marzo de 1995 | ||
| 650 | 0 | |a Derecho comercial |9 256340 | |
| 650 | 7 | |a CODIGO DE COMERCIO 1993 |2 CL-VaPUC |9 341365 | |
| 651 | 7 | |a CHILE |2 CL-VaPUC |9 341366 | |
| 583 | |a last modification |c 19950713 00:00:00 |k Rodrigo Vera | ||
| 999 | |c 236416 |d 236414 | ||
| 952 | |0 0 |1 0 |2 ddc |4 0 |6 346_830700000000000_COD_1995 |7 0 |8 FOND_LRYV |9 244487 |a BIBDER |b BIBDER |d 2019-11-18 |i 3104249 |o 346.8307 COD 1995 |p 3104249 |r 2023-01-25 |w 2019-11-18 |y BK_X |k DER | ||
| 952 | |0 0 |1 0 |2 ddc |4 0 |6 346_830700000000000_COD_1995 |7 0 |8 FOND_LRYV |9 244488 |a BIBDER |b BIBDER |d 2019-11-18 |i 3104273 |o 346.8307 COD 1995 |p 3104273 |r 2023-01-25 |w 2019-11-18 |y BK_X |k DER | ||